منهج الزمخشري في تفسير القرآن الكريم / (رقم التسجيلة. 26022)

تفاصيل مارك
000 -الفاتح
عناصر البيانات ثابتة الطول 00756cam a2200205 i 4500
005 - تاريخ ووقت آخر معاملة
حقل ضبط 20251108165347.0
008 - عناصر البيانات ثابتة الطول
عناصر البيانات ثابتة الطول 250721s1984 ua gr 000 0 ara d
020 ## - الترقيم الدولي المعياري للكتب (ردمك)
الترقيم الدولي المعياري للكتب (ردمك) 97702010315
082 14 - رقم تصنيف ديوي العشري
رقم التصنيف 212
رقم المادة ج و ي
100 1# - مدخل رئيسي – اسم شخصي
الاسم الشخصي الجويني، مصطفى الصاوي
علاقة الشخص بالعمل/ دوره مؤلف.
245 10 - بيان العنوان
العنوان منهج الزمخشري في تفسير القرآن الكريم /
بيان المسؤولية الدكتور مصطفى الصاوي الجويني.
250 ## - بيان الطبعة
بيان الطبعة الطبعة الثالثة.
264 1# - بيانات النشر، التوزيع…إلخ
مكان النشر، التوزيع...إلخ القاهرة :
اسم الناشر، الموزع...إلخ دار المعارف،
تاريخ النشر، التوزيع...إلخ 1984.
300 ## - الوصف المادي
عدد الوحدات المكونة للوعاء 309 صفحة.ل
490 0# - بيان السلسلة
عنوان السلسلة مكتبة الدراسات الادبية
رقم الوعاء في السلسلة رقم 9.
650 17 - مدخل إضافي بالموضوع - مصطلح موضوعي
مصطلح موضوعي أو اسم جغرافي كعنصر مدخل تفسير القرآن.
650 17 - مدخل إضافي بالموضوع - مصطلح موضوعي
مصطلح موضوعي أو اسم جغرافي كعنصر مدخل اعجاز القرآن.
942 ## - بيانات إضافية (كوها)
نوع التنصيف Dewey Decimal Classification
نوع المادة (كوها) كتب
المقتنيات
حالة السحب حالة الفقدان مصدر التصنيف حالة التلف غير قابل للإعارة المكتبة الرئيسية المكتبة الحالية موقع الرف تاريخ التزويد الرقم المتسلسل Total Checkouts رقم الإستدعاء الباركود تاريخ آخر ظهور تاريخ الفاتورة نوع المادة (كوها)
    Dewey Decimal Classification     المكتبة المركزية المكتبة المركزية الإعارة 06/07/2004 204781   م / 212 / ج و ي 204781 28/07/2025 06/07/2004 كتب
Implemented & Customized by: BBB with SCIT (Smart Chains for Information Technology)

Powered by Koha